Statistieken voor Nieuw-Zeeland Trivia Quiz

Klik hier om de quiz te nemen!

Algemene statistieken

  • Deze quiz is 307 keer genomen
  • De gemiddelde score is 11 van 20

Antwoordstatistieken

HintAntwoord% Correct
HoofdstadWellington
91%
Vogel die Nieuw-Zeeland symboliseertKiwi
82%
Valuta van Nieuw-ZeelandDollar
81%
Nieuw-Zeeland was het eerste land dat algemeen kiesrecht verleende aan _____Vrouwen
79%
Inheemse bevolking van Nieuw-ZeelandMāori
78%
Land wiens Zeeland deze Zeeland nieuw maaktNederland
75%
Meest bevolkte stadAuckland
68%
Filmtrilogie van Peter Jackson voornamelijk opgenomen in Nieuw-ZeelandIn de Ban van de Ring
66%
Eerste Europese ontdekkingsreiziger die Nieuw-Zeeland zagAbel Tasman
64%
Meest bevolkte stad op het ZuidereilandChristchurch
60%
Naam van het nationale rugbyteamAll Blacks
53%
De populatie van dit dier bereikte in 1982 een hoogtepunt van 70 miljoenSchaap
50%
Hoogste bergAoraki / Mt. Cook
44%
Legendarische bergbeklimmer die stierf in 2008Edmund Hillary
35%
Bergketen waarin de bovenstaande te vinden isNieuw-Zeelandse Alpen
32%
Misschien wel de belangrijkste toeristische attractie van Nieuw-ZeelandMilford {Sound}
31%
Naam voor Nieuw-Zeeland, in de taal van het bovenstaandeAotearoa
27%
Soort gigantische loopvogel die tegen 1500 na Christus is uitgestorvenMoa
23%
Grootste meer{Taupo}meer
21%
Langste rivierWaikato
19%

Scoreverdeling

Percentiel versus Aantal Correcte Antwoorden

Procent van Mensen met Elke Score

Uw Scoregeschiedenis

U heeft deze quiz nog niet genomen